| 000 | 00784nam a22002295a 4500 | ||
|---|---|---|---|
| 008 | 080826s2007 njua frb 001 0 eng d | ||
| 020 | _a9780138142728 | ||
| 020 | _a0138142726 | ||
| 040 |
_aEG-ScBUE _beng _cEG-ScBUE _dEG-ScBUE |
||
| 082 | 0 | 4 |
_a658 _bROB _222 |
| 100 | 1 |
_aRobbins, Stephen P., _98040 |
|
| 245 | 1 | 0 |
_aManagement / _cStephen P. Robbins, Mary Coulter. |
| 250 | _a9th ed., Pearson international ed. | ||
| 260 |
_aUpper Saddle River : _bPearson / Prentice Hall, _c2007. |
||
| 300 |
_axiii, 738 p. : _bill ; _c35 cm. |
||
| 504 | _aIncludes bibliographical references and indexes. | ||
| 590 | _aMenna Elemam | ||
| 650 | 7 |
_aManagement. _9553 _2BUEsh |
|
| 653 |
_bBUSADM _cAugust2015 _cJanuary2018 |
||
| 700 | 1 |
_aCoulter, Mary K. _98042 |
|
| 942 |
_cBB _k658 ROB _2ddc |
||
| 999 |
_c2883 _d2883 |
||